| 000 | 00402nam a2200181Ia 4500 | ||
|---|---|---|---|
| 000 | 00746ngmaa2200277 a 4500 | ||
| 003 | RNL | ||
| 006 | g||||fr|||| a0| fz | ||
| 007 | hj bfb|||baap | ||
| 008 | 090707b ii f a fnsan d | ||
| 040 | _aeng | ||
| 100 | _aMadpuri, Sukhdev, ed. | ||
| 245 | _aLok sianpan | ||
| 260 | _aLudhiana | ||
| 260 | _bLahore Book Shop | ||
| 260 | _c2007 | ||
| 942 | _cBK | ||
| 999 |
_c21847 _d21847 |
||